01315nam a2200337Ia 4500001001200000003000800012006001900020007001500039008004100054010001700095020002600112020001800138020002900156040002100185035002100206050002300227082001600250100003200266245012700298260006000425300002300485504005100508533015200559650002300711650002000734655002900754700002100783700003000804710001700834856012600851ebr10602072CaPaEBRm u cr cn|||||||||120723s2012 njua sb 001 0 eng d z 2012026243 z9781118332719 (ebook) z9781118507629 z9780470548752 (hardback) aCaPaEBRcCaPaEBR a(OCoLC)81173187014aT59.7b.R46 2012eb04a620.8/22231 aRemington, Roger W.,d1947-10aIntroduction to humans in engineered systemsh[electronic resource] /cRoger Remington, Deborah Boehm-Davis, Charles Folk. aHoboken, New Jersey :bJohn Wiley & Sons, Inc.,cc2012. axv, 392 p. :bill. aIncludes bibliographical references and index. aElectronic reproduction.bPalo Alto, Calif. :cebrary,d2011.nAvailable via World Wide Web.nAccess may be limited to ebrary affiliated libraries. 0aHuman engineering. 0aBioengineering. 7aElectronic books.2local1 aFolk, Charles L.1 aBoehm-Davis, Deborah Ann.2 aebrary, Inc.40uhttp://site.ebrary.com/lib/rucke/Doc?id=10602072zAn electronic book accessible through the World Wide Web; click to view